000 00594nam a2200205Ia 4500
003 0100
008 130303s9999 xx 000 0 und d
040 _cARRUPELIB
050 _aBT50.M345 2000
100 _aMcLean, George F
245 _aFaith, reason and philosophy
260 _aWashington, D.C.
260 _bThe Council for Research in values and philosophy
260 _C2000
300 _a260p.
300 _b 22cm
440 _aCultural heritage and contemporary change series 1, Culture and values, vol.20 series 11A, Islam, Vol.7
650 _bFantasy
942 _2lcc
_01
999 _c58265
_d58265